Geometry Dash Custom Level Quiz - Statistics

General Stats
  • This quiz has been taken 21 times
  • The average score is 17 of 50
Answer Stats
Creator Difficulty Answer Update Released % Correct
Riot Extreme Demon Bloodbath 1.9
76%
Zobros Hard Demon Nine Circles 1.9
76%
Jax Easy Demon The Nightmare 1.2
76%
Rek3edge Easy Demon DeCode 1.9
65%
Michigun Hard Demon Forest Temple 2.0
65%
MindCap Extreme Demon LIMBO 2.1
59%
Caustic Easy Demon Death Moon 1.9
53%
Nacho21 Insane Demon Duelo Maestro 2.0
53%
JonathanGD Hard Demon Future Funk 2.1
53%
Dorami Extreme Demon The Yandere 2.1
53%
Jax Auto auto play area 1.1
47%
DavJT Hard Demon CraZy 2.1
47%
DiMaViKuLov26 Easy ReTraY 1.9
47%
Zobros Insane Demon Acropolis 2.0
41%
Bli Easy Demon Change of Scene 2.1
41%
Dorabae Normal dorabaebasic4 1.7
41%
FunnyGame Medium Demon -Sirius- 2.0
41%
WOOGI1411 Insane Demon Windy Landscape 1.9
41%
Motleyorc, SchorchVx Medium Demon B 2.1
35%
Cody Normal Level Easy 1.2
35%
Nicki1202 Hard OuterSpace 2.0
35%
Jerry Bronze V Easy Demon Platinum Adventure 1.9
35%
Adiale Easy Promises 2.0
35%
Riot Extreme Demon Tartarus 1.9
35%
FunnyGame, TriAxis Insane Unity 2.0
35%
Bianox Extreme Demon Zodiac 2.1
35%
Riot Extreme Demon Acheron 2.1
29%
ZenthicAlpha Hard Demon Jawbreaker 1.9
29%
Danolex Harder Shock 2.1
29%
rafer Harder SLAM 2.1
29%
JerkRat, Minesap Easy Sonar 1.9
29%
timeless real Easy Demon THE LIGHTNING ROAD 1.2
29%
SirHadoken Normal Chambers 2.0
24%
Alkali Insane Dinosaur 2.1
24%
Noobas Medium Demon Theory of SkriLLex 1.9
24%
Adiale, GeoSlam1 Hard Anubis 2.0
18%
Skitten Harder Aquarius 2.1
18%
TheRealDarnoc Insane Flappy Bird 1.7
18%
Insendium Harder Scarlet Surge 1.9
18%
Glittershroom, Jeyzor Insane Demon Supersonic 1.9
18%
UsernameDefault Hard Acid Factory 2.1
12%
izhar Hard Crazy Ball 2.0
12%
DesTicY Insane Ghoul 2.1
12%
Glittershroom, Evasium Harder Kappaclysm 1.9
12%
Tongii Medium Demon Mechanical Showdown 2.0
12%
Spu7tNix Easy Ocean of Dreams 2.1
12%
Danzmen Insane OMG ALIENS 2.1
12%
TheRealSalad Hard Phantom 2.1
12%
Caio2000 Insane The Creator 2.1
12%
Muffy450 Extreme Demon Sakupen Circles 2.1
6%
No matching quizzes found
Score Distribution
Percent of People with Each Score
Percentile by Number Answered
Your Score History
You have not taken this quiz